[Event "Turniej open"]
[Site "Ostroda"]
[Date "2011.08.09"]
[Round "7.7"]
[White "Reza, Wojciech"]
[Black "Le Diouron, Aurelie"]
[Result "1-0"]
[WhiteElo "2026"]
[BlackElo "1975"]
[PlyCount "111"]
[EventDate "2011.??.??"]

1. e4 e5 2. Nf3 Nf6 3. Nxe5 d6 4. Nf3 Nxe4 5. c3 d5 6. d3 Nf6 7. Bf4 Bd6 8.
Bxd6 Qxd6 9. Be2 O-O 10. O-O Nc6 11. Na3 a6 12. d4 Bf5 13. Re1 Rad8 14. Nc2 Ne4
15. Bd3 Qf4 16. g3 Qh6 17. Nh4 Bh3 18. Ng2 f5 19. Nf4 Ng5 20. Ne3 Ne7 21. Bf1
Bxf1 22. Rxf1 Ng6 23. Nexd5 Nxf4 24. Nxf4 Rd6 25. Qh5 Qxh5 26. Nxh5 Rh6 27. Nf4
Nf3+ 28. Kg2 Nxh2 29. Rh1 Ng4 30. Rxh6 Nxh6 31. Re1 Kf7 32. Nd5 c6 33. Re7+ Kg8
34. Nf4 Rf7 35. Re8+ Rf8 36. Rxf8+ Kxf8 37. Ne6+ Ke7 38. Nxg7 Kf6 39. Nh5+ Kg5
40. Nf4 Kf6 41. Nd3 Nf7 42. Kf3 Nd6 43. Kf4 a5 44. Nc5 b5 45. b3 h6 46. f3 Nf7
47. Ke3 Nd6 48. Nd3 Ke6 49. Ne5 Kd5 50. Kd3 c5 51. c4+ bxc4+ 52. bxc4+ Ke6 53.
dxc5 Kxe5 54. cxd6 Kxd6 55. Kd4 h5 56. f4 1-0

[Event "Turniej open"]
[Site "Ostroda"]
[Date "2011.08.09"]
[Round "7.9"]
[White "Vorobyov, Yrij"]
[Black "Ciesielski, Tomasz"]
[Result "1/2-1/2"]
[WhiteElo "2210"]
[BlackElo "1858"]
[PlyCount "48"]
[EventDate "2011.??.??"]

1. Nf3 e6 2. g3 d5 3. Bg2 c5 4. O-O Nf6 5. b3 Be7 6. Bb2 O-O 7. c4 Nc6 8. cxd5
exd5 9. d4 Re8 10. Nc3 b6 11. Rc1 Bb7 12. dxc5 Bxc5 13. Na4 Bf8 14. a3 Ne4 15.
b4 Qd7 16. Nc3 Rad8 17. e3 Nxc3 18. Bxc3 Ba6 19. Re1 f6 20. Bd4 Ne5 21. Rc3 Bc4
22. Bxe5 fxe5 23. e4 b5 24. exd5 Qxd5 1/2-1/2

[Event "Turniej open"]
[Site "Ostroda"]
[Date "2011.08.09"]
[Round "7.10"]
[White "Mulenko, Alexander"]
[Black "Worobiej, Daniel"]
[Result "1-0"]
[WhiteElo "2065"]
[BlackElo "1796"]
[PlyCount "55"]
[EventDate "2011.??.??"]

1. Nf3 Nf6 2. g3 b6 3. Bg2 Bb7 4. d4 e6 5. O-O Be7 6. c4 O-O 7. d5 exd5 8. Nh4
Ne4 9. cxd5 Bxh4 10. Bxe4 f5 11. Bg2 Bf6 12. Qc2 c5 13. Nc3 Kh8 14. Bf4 Bxc3
15. bxc3 Na6 16. c4 d6 17. Rae1 Qe7 18. Qc3 Qf6 19. Qxf6 Rxf6 20. a3 Nc7 21. e4
fxe4 22. Rxe4 Ba6 23. Rfe1 Kg8 24. Re7 Rf7 25. Bxd6 Rxe7 26. Bxe7 Re8 27. d6
Kf7 28. Bc6 1-0

[Event "Turniej open"]
[Site "Ostroda"]
[Date "2011.08.10"]
[Round "8.1"]
[White "Budrewicz, Krzysztof"]
[Black "Walczak, Krystian"]
[Result "1/2-1/2"]
[WhiteElo "2194"]
[BlackElo "1981"]
[PlyCount "41"]
[EventDate "2011.??.??"]

1. d4 Nf6 2. c4 e5 3. Nf3 e4 4. Nfd2 d5 5. cxd5 Qxd5 6. Nb3 Bf5 7. Bf4 Nbd7 8.
e3 Bb4+ 9. Nc3 c5 10. a3 Bxc3+ 11. bxc3 c4 12. Nd2 b5 13. a4 a6 14. Qb1 O-O 15.
Be2 Qe6 16. Bg3 Nb6 17. Bd1 Nfd5 18. Ra3 Rfe8 19. O-O Bg6 20. Bc2 f5 21. Be5
1/2-1/2

[Event "Turniej open"]
[Site "Ostroda"]
[Date "2011.08.10"]
[Round "8.2"]
[White "Lewandowski, Krzysztof"]
[Black "Zielinski, Stanislaw"]
[Result "1/2-1/2"]
[WhiteElo "2140"]
[BlackElo "2155"]
[PlyCount "105"]
[EventDate "2011.??.??"]

1. d4 Nf6 2. c4 g6 3. Nc3 Bg7 4. e4 d6 5. h3 O-O 6. Nf3 e5 7. d5 a5 8. Bd3 c6
9. Bg5 h6 10. Be3 cxd5 11. cxd5 b6 12. Rc1 Nbd7 13. a3 Nc5 14. Bb1 Ne8 15. b4
axb4 16. axb4 Na6 17. Qb3 f5 18. exf5 gxf5 19. O-O Bd7 20. Rfd1 Nf6 21. Na4 Rb8
22. Rc6 b5 23. Nc3 Bxc6 24. dxc6+ Kh8 25. Nxe5 Qe8 26. Nf3 Qxc6 27. Nh4 Qc4 28.
Ng6+ Kg8 29. Qxc4+ bxc4 30. b5 Nb4 31. Nxf8 Kxf8 32. Bxf5 Nd7 33. Nd5 Rxb5 34.
Nxb4 Rxf5 35. Rxd6 Ne5 36. Rd5 Kf7 37. f4 Bf8 38. Rxe5 Rxe5 39. fxe5 Bxb4 40.
Bxh6 Ba3 41. Kf2 c3 42. Kf3 c2 43. Kg4 Ke6 44. Kh5 Kxe5 45. Kg6 Ke4 46. h4 Bc5
47. Bc1 Be3 48. Ba3 Kd3 49. h5 Kc3 50. h6 Kb3 51. h7 Kxa3 52. h8=Q c1=Q 53.
Qa8+ 1/2-1/2

[Event "Turniej open"]
[Site "Ostroda"]
[Date "2011.08.10"]
[Round "8.3"]
[White "Zielinski, Wojciech"]
[Black "Gorecka, Joanna"]
[Result "1-0"]
[WhiteElo "2097"]
[BlackElo "2113"]
[PlyCount "91"]
[EventDate "2011.??.??"]

1. b3 e5 2. Bb2 Nc6 3. e3 Nf6 4. Nf3 d6 5. d4 exd4 6. Nxd4 Nxd4 7. Bxd4 Be7 8.
Bd3 O-O 9. Nd2 c5 10. Bb2 d5 11. c4 Be6 12. Qc2 h6 13. O-O Bd6 14. Rad1 Bg4 15.
f3 Bd7 16. cxd5 Nxd5 17. Nc4 Bc6 18. Be4 Bb8 19. Bxd5 Bxd5 20. e4 Qh4 21. g3
Bxg3 22. hxg3 Qxg3+ 23. Qg2 Qxg2+ 24. Kxg2 Bxc4 25. bxc4 Rad8 26. Rd5 b6 27.
Rfd1 Rde8 28. Kf2 Re6 29. Rd7 a6 30. e5 b5 31. R1d6 bxc4 32. Rc7 Rb8 33. Bc3
Rb1 34. Rxc5 Rc1 35. Rxc4 Rxe5 36. Bxe5 Rxc4 37. Rxa6 h5 38. a4 f6 39. Bd6 h4
40. a5 Rc2+ 41. Kg1 Ra2 42. Ra8+ Kf7 43. a6 Ke6 44. a7 Kf5 45. Bc5 Kf4 46. Rg8
1-0

[Event "Turniej open"]
[Site "Ostroda"]
[Date "2011.08.10"]
[Round "8.4"]
[White "Kobus, Sebastian"]
[Black "Uscinski, Marek"]
[Result "0-1"]
[WhiteElo "2104"]
[BlackElo "1882"]
[PlyCount "86"]
[EventDate "2011.??.??"]

1. e4 e5 2. Nc3 Nc6 3. f4 Bc5 4. Nf3 d6 5. f5 Nf6 6. Bc4 Na5 7. Bb3 Nxb3 8.
axb3 a6 9. d3 h6 10. Qe2 Bd7 11. h3 Nh5 12. Rh2 Ng3 13. Qd1 c6 14. Ne2 Nxe2 15.
Qxe2 Qe7 16. Be3 Bxe3 17. Qxe3 O-O-O 18. g4 f6 19. Qa7 d5 20. Rd2 h5 21. Nh4
Be8 22. Rxa6 Qc7 23. Ra4 hxg4 24. Qf2 gxh3 25. Kd1 Kb8 26. Kc1 c5 27. Ra3 dxe4
28. Qg3 exd3 29. cxd3 Bb5 30. Kc2 Rd4 31. Nf3 Rxd3 32. Ra1 Rxd2+ 33. Nxd2 Bc6
34. Nf1 Be4+ 35. Kc3 Bxf5 36. Qf2 Qd7 37. Kc4 Qd3+ 38. Kxc5 Rc8+ 39. Kb4 Qd6+
40. Ka5 Rc5+ 41. Ka4 Qa6+ 42. Kb4 Qb6+ 43. Ka4 Ra5# 0-1

[Event "Turniej open"]
[Site "Ostroda"]
[Date "2011.08.10"]
[Round "8.6"]
[White "Szmidt, Przemyslaw"]
[Black "Bugalski, Michal"]
[Result "0-1"]
[WhiteElo "2015"]
[BlackElo "2240"]
[PlyCount "74"]
[EventDate "2011.??.??"]

1. Nf3 Nf6 2. d4 e6 3. g3 b6 4. Bg2 Bb7 5. O-O Be7 6. c4 O-O 7. Nc3 d5 8. Ne5
Ne4 9. Qc2 Nxc3 10. Qxc3 Nd7 11. Nxd7 Qxd7 12. cxd5 exd5 13. Bf4 c5 14. dxc5
bxc5 15. Qd2 h6 16. h4 Rfd8 17. Rfd1 a5 18. Rac1 a4 19. Qc2 Qb5 20. Qf5 Qxb2
21. Rb1 Qxe2 22. Rd2 Qa6 23. Rxb7 Qxb7 24. Bxd5 Rxd5 25. Rxd5 Rd8 26. Rxd8+
Bxd8 27. Qxc5 Qb1+ 28. Qc1 Qxa2 29. Qc8 Qb1+ 30. Kg2 Qb6 31. Qd7 a3 32. Qe8+
Kh7 33. Qxf7 Bf6 34. h5 Qc6+ 35. Kh3 Qc2 36. Bxh6 a2 37. Bxg7 Bxg7 0-1

[Event "Turniej open"]
[Site "Ostroda"]
[Date "2011.08.10"]
[Round "8.7"]
[White "Rak, Tomasz"]
[Black "Snihur, Piotr"]
[Result "1-0"]
[WhiteElo "2067"]
[BlackElo "1860"]
[PlyCount "103"]
[EventDate "2011.??.??"]

1. d4 Nf6 2. Nf3 d5 3. Bf4 Bf5 4. e3 e6 5. Ne5 a6 6. g4 Be4 7. f3 Bg6 8. h4 h6
9. Nxg6 fxg6 10. Qd3 Kf7 11. h5 g5 12. Be5 Nbd7 13. Nd2 c5 14. f4 Be7 15. c3
Nf8 16. Be2 Rc8 17. O-O-O b5 18. dxc5 Bxc5 19. Bf3 b4 20. cxb4 Bxe3+ 21. Kb1
Bxf4 22. Bxf4 gxf4 23. Qxa6 N8d7 24. Rde1 e5 25. Bd1 Re8 26. Bb3 Kf8 27. g5
hxg5 28. h6 gxh6 29. Rxh6 Kg7 30. Reh1 Qb6 31. Qd3 e4 32. Qh3 Nf8 33. Qf5 Qd6
34. Bxd5 Re5 35. Qxc8 Rxd5 36. Nb3 Rd1+ 37. Nc1 e3 38. Rxd1 Qxd1 39. Rxf6 Kxf6
40. Qxf8+ Kg6 41. b5 Qd4 42. Qe8+ Kg7 43. Qc6 g4 44. b6 f3 45. Qc7+ Kf6 46. b7
Qe4+ 47. Ka1 e2 48. b8=Q e1=Q 49. Qh8+ Kg5 50. Qhg7+ Kh5 51. Qh2+ Qh4 52. Qh8+
1-0

[Event "Turniej open"]
[Site "Ostroda"]
[Date "2011.08.10"]
[Round "8.8"]
[White "Dobrowolski, Marcin"]
[Black "Mulenko, Alexander"]
[Result "1/2-1/2"]
[WhiteElo "1945"]
[BlackElo "2065"]
[PlyCount "64"]
[EventDate "2011.??.??"]

1. d4 Nf6 2. Nf3 e6 3. Bf4 c5 4. c3 b6 5. e3 Bb7 6. Nbd2 Nh5 7. Bg5 Be7 8. Bxe7
Qxe7 9. Bd3 f5 10. Qc2 cxd4 11. exd4 Nf4 12. Rg1 Nc6 13. O-O-O O-O-O 14. Bb5
Kb8 15. Qa4 Rc8 16. Nc4 Ne2+ 17. Kb1 Nxg1 18. Rxg1 g5 19. Rd1 d6 20. Ne3 f4 21.
d5 Nd8 22. Nc2 Bxd5 23. Rxd5 exd5 24. Nb4 Rc5 25. Na6+ Kb7 26. Nd4 Qe1+ 27. Kc2
Qxf2+ 28. Kb3 Qe1 29. Be2 Rxc3+ 30. bxc3 Qb1+ 31. Ka3 Qc1+ 32. Kb3 Qb1+ 1/2-1/2

[Event "Turniej open"]
[Site "Ostroda"]
[Date "2011.08.10"]
[Round "8.9"]
[White "Zielinski, Maciej"]
[Black "Tvarijonas, Tomas"]
[Result "1/2-1/2"]
[WhiteElo "2060"]
[BlackElo "1992"]
[PlyCount "106"]
[EventDate "2011.??.??"]

1. Nf3 Nf6 2. g3 d5 3. Bg2 c5 4. c4 d4 5. d3 Nc6 6. O-O e5 7. e3 Be7 8. exd4
exd4 9. h3 O-O 10. Re1 Bf5 11. Bf4 Qd7 12. Kh2 Bd6 13. Bxd6 Qxd6 14. Nh4 Bg6
15. Nxg6 hxg6 16. Nd2 Rae8 17. Qb3 b6 18. Nf3 Ne5 19. Qc2 Re7 20. Nxe5 Rxe5 21.
Rxe5 Qxe5 22. Kg1 Re8 23. Kf1 Kf8 24. Qd2 Qd6 25. a3 Re5 26. b4 Nd7 27. b5 Qf6
28. Kg1 Qe7 29. Bf3 Re6 30. a4 Ne5 31. Bg2 Qf6 32. Re1 Kg8 33. f4 Nd7 34. Bd5
Re7 35. Re2 Qd6 36. Qe1 Kf8 37. Kg2 Nf6 38. Bc6 Nh5 39. Kf3 Nf6 40. Re5 a5 41.
Rxe7 Qxe7 42. Qe5 Qxe5 43. fxe5 Ng8 44. Bd7 Ke7 45. Bc8 Kf8 46. Kf4 Ne7 47. Bd7
Kg8 48. h4 Kh7 49. g4 Kg8 50. Kg5 Kf8 51. Kf4 Kg8 52. Kg5 Kf8 53. Kf4 Kg8
1/2-1/2

[Event "Turniej open"]
[Site "Ostroda"]
[Date "2011.08.10"]
[Round "8.10"]
[White "Szewczak, Andrzej"]
[Black "Pham, Juliusz"]
[Result "1-0"]
[WhiteElo "2005"]
[BlackElo "1638"]
[PlyCount "63"]
[EventDate "2011.??.??"]

1. e4 e5 2. Nf3 Nc6 3. Bc4 Bc5 4. Nc3 Nf6 5. d3 d6 6. h3 h6 7. Be3 Bb6 8. a3
Be6 9. Qd2 Qd7 10. Nd5 Bxd5 11. exd5 Ne7 12. d4 exd4 13. Bxd4 Bxd4 14. Qxd4 Nf5
15. Qd3 O-O-O 16. O-O-O a6 17. Bxa6 g6 18. g4 Ne7 19. Bc4 Kb8 20. Qd4 Nh7 21.
Rd3 Nc8 22. Rb3 Nb6 23. Bb5 Qe7 24. a4 Qf6 25. Qd2 Nd7 26. Bxd7 Rxd7 27. Qb4 b6
28. a5 Ng5 29. axb6 Nxf3 30. bxc7+ Kxc7 31. Qb6+ Kc8 32. Qb8# 1-0

[Event "Turniej open"]
[Site "Ostroda"]
[Date "2011.08.11"]
[Round "9.2"]
[White "Walczak, Krystian"]
[Black "Uscinski, Marek"]
[Result "1/2-1/2"]
[WhiteElo "1981"]
[BlackElo "1882"]
[PlyCount "116"]
[EventDate "2011.??.??"]

1. e4 e5 2. Nf3 Nf6 3. Nxe5 d6 4. Nf3 Nxe4 5. Nc3 Nxc3 6. dxc3 Be7 7. Be3 Nc6
8. Qd2 O-O 9. O-O-O Ne5 10. Be2 c6 11. Bf4 Qa5 12. Kb1 Be6 13. c4 Qxd2 14. Rxd2
Nxf3 15. Bxf3 Bxc4 16. b3 Be6 17. Bxd6 Bxd6 18. Rxd6 Rfd8 19. Rhd1 Rxd6 20.
Rxd6 Kf8 21. c4 Ke7 22. c5 Rd8 23. Rxd8 Kxd8 24. Kc2 Kc7 25. Kc3 Bf5 26. Kd4 h6
27. h4 Bb1 28. a3 Bc2 29. b4 Bf5 30. g4 Bc8 31. g5 hxg5 32. hxg5 f6 33. gxf6
gxf6 34. Ke4 Kd8 35. Kf4 Bd7 36. Bg4 Be8 37. a4 Bg6 38. Bf5 Bf7 39. Bg4 Bb3 40.
a5 Bf7 41. Bf3 a6 42. Bg4 Bg6 43. Be6 Kc7 44. Bf5 Bf7 45. Bg4 Bg6 46. Bh3 Kd8
47. Bg2 Be8 48. Bh3 Bg6 49. Bg4 Bf7 50. Bf5 Bh5 51. Be6 Bg6 52. Kg4 Kc7 53. f4
Kd8 54. Bf5 Bf7 55. Kf3 Bd5+ 56. Ke3 Bf7 57. Kd4 Kc7 58. Ke4 Kd8 1/2-1/2

[Event "Turniej open"]
[Site "Ostroda"]
[Date "2011.08.11"]
[Round "9.3"]
[White "Bugalski, Michal"]
[Black "Lewandowski, Krzysztof"]
[Result "0-1"]
[WhiteElo "2240"]
[BlackElo "2140"]
[PlyCount "94"]
[EventDate "2011.??.??"]

1. f4 Nf6 2. Nf3 g6 3. g3 Bg7 4. Bg2 O-O 5. O-O d6 6. d3 Nc6 7. e4 e5 8. Nc3
exf4 9. gxf4 d5 10. Ne5 Nxe5 11. fxe5 Ng4 12. d4 c5 13. Nxd5 cxd4 14. Nf6+ Nxf6
15. Bg5 Re8 16. exf6 Bf8 17. Qd2 Re6 18. Kh1 h6 19. Bh4 Qb6 20. Bf2 Rxf6 21. e5
Rf5 22. Bxd4 Rxf1+ 23. Rxf1 Qc7 24. Qf2 Be6 25. Bxa7 Rc8 26. c3 Bxa2 27. Bd4
Bg7 28. Ra1 Bc4 29. Qg3 Qd7 30. Qf3 b5 31. Ra7 Qe6 32. Qb7 Rd8 33. Qc7 Re8 34.
Ra1 Bxe5 35. Qxe5 Qxe5 36. Bxe5 Rxe5 37. Bc6 Re2 38. b4 Rc2 39. Ra8+ Kg7 40.
Rb8 Rxc3 41. Bxb5 Bxb5 42. Rxb5 Rc2 43. Rb8 Rb2 44. b5 Kf6 45. b6 Kg5 46. b7 h5
47. Kg1 Kg4 0-1

[Event "Turniej open"]
[Site "Ostroda"]
[Date "2011.08.11"]
[Round "9.4"]
[White "Zielinski, Stanislaw"]
[Black "Gorniewicz, Oskar"]
[Result "1-0"]
[WhiteElo "2155"]
[BlackElo "1914"]
[PlyCount "49"]
[EventDate "2011.??.??"]

1. e4 c6 2. d4 d5 3. f3 dxe4 4. fxe4 e5 5. Nf3 exd4 6. Bc4 Bc5 7. Ng5 Nh6 8.
Qh5 O-O 9. O-O Nd7 10. Bxf7+ Rxf7 11. Nxf7 Nxf7 12. Qxf7+ Kh8 13. Kh1 Ne5 14.
Qh5 Qe7 15. Bg5 Qe6 16. Bf4 Nd7 17. Nd2 Bb6 18. Rae1 Nf6 19. Qg5 Bd7 20. a3 Ng4
21. h3 Ne3 22. Be5 Qg8 23. Rf3 Nxc2 24. Rg3 Qa2 25. Qxg7# 1-0

[Event "Turniej open"]
[Site "Ostroda"]
[Date "2011.08.11"]
[Round "9.5"]
[White "Reza, Wojciech"]
[Black "Rak, Tomasz"]
[Result "1-0"]
[WhiteElo "2026"]
[BlackElo "2067"]
[PlyCount "103"]
[EventDate "2011.??.??"]

1. e4 c5 2. Nf3 Nc6 3. d4 cxd4 4. Nxd4 g6 5. c4 Bg7 6. Be3 d6 7. Nc3 Nf6 8. Be2
O-O 9. O-O Bd7 10. Qd2 a6 11. Rac1 b5 12. f3 bxc4 13. Nxc6 Bxc6 14. Bxc4 Qb8
15. Bb3 a5 16. Na4 Bb5 17. Rfd1 Nd7 18. Nc3 Nc5 19. Bd5 Ra7 20. Nxb5 Qxb5 21.
Rc2 Rc8 22. Rdc1 Rac7 23. Bc4 Qb6 24. b3 Qb4 25. Qd5 Ne6 26. Kh1 a4 27. Qd2
Qxd2 28. Rxd2 a3 29. Kg1 Bb2 30. Rcc2 Kg7 31. Kf2 Nd8 32. Bb6 Rc6 33. Bxd8 Rxd8
34. Bd5 Rc5 35. Rxc5 dxc5 36. Ke2 Kf6 37. Bc4 Bd4 38. g3 e6 39. f4 g5 40. Kf3
h5 41. fxg5+ Kxg5 42. Rd3 Rb8 43. h3 h4 44. g4 Rf8 45. b4 f5 46. gxf5 exf5 47.
bxc5 fxe4+ 48. Kxe4 Rf4+ 49. Kd5 Bf2 50. c6 Bb6 51. Bb3 Bc7 52. Ke6 1-0

[Event "Turniej open"]
[Site "Ostroda"]
[Date "2011.08.11"]
[Round "9.6"]
[White "Vorobyov, Yrij"]
[Black "Szewczak, Andrzej"]
[Result "1-0"]
[WhiteElo "2210"]
[BlackElo "2005"]
[PlyCount "109"]
[EventDate "2011.??.??"]

1. Nf3 e6 2. g3 d5 3. Bg2 c5 4. O-O Nf6 5. c4 Nc6 6. cxd5 exd5 7. d4 Qb6 8.
dxc5 Bxc5 9. Nc3 Be6 10. Na4 Qa5 11. Nxc5 Qxc5 12. Be3 Qe7 13. Rc1 Nd7 14. Nd4
Rc8 15. Nb5 O-O 16. Bxd5 Bxd5 17. Qxd5 Nf6 18. Qf5 Rfd8 19. Rfd1 g6 20. Qg5 h6
21. Qh4 h5 22. Nc3 Qe6 23. Bg5 Rxd1+ 24. Rxd1 Ng4 25. h3 Nge5 26. Kg2 f5 27.
Qa4 Nf7 28. Be3 g5 29. Qb5 b6 30. Qd5 Qf6 31. Qd7 Rd8 32. Qc7 Rxd1 33. Nxd1 Qe6
34. Nc3 b5 35. Bxa7 b4 36. Na4 Qe4+ 37. Kh2 Nxa7 38. Qxa7 Qxe2 39. Qe3 Qf1 40.
Nc5 g4 41. h4 Kg7 42. Ne6+ Kf6 43. Nd4 Qa6 44. a3 bxa3 45. bxa3 Qc4 46. Ne2 Nd6
47. Qc3+ Qxc3 48. Nxc3 Ke5 49. Kg2 f4 50. gxf4+ Kxf4 51. a4 Nc4 52. Ne2+ Ke5
53. Ng3 Kd6 54. Nxh5 Nb2 55. Nf6 1-0

[Event "Turniej open"]
[Site "Ostroda"]
[Date "2011.08.11"]
[Round "9.8"]
[White "Tvarijonas, Tomas"]
[Black "Kobus, Sebastian"]
[Result "0-1"]
[WhiteElo "1992"]
[BlackElo "2104"]
[PlyCount "58"]
[EventDate "2011.??.??"]

1. e4 e5 2. Nf3 Nf6 3. d4 Nxe4 4. Bd3 d5 5. Nxe5 Nd7 6. Nxd7 Bxd7 7. O-O Be7 8.
c4 Nf6 9. Qb3 Bc6 10. Nc3 O-O 11. Be3 Qd7 12. h3 Rad8 13. Qc2 dxc4 14. Bxc4 Bb4
15. Bd3 h6 16. Bf5 Qd6 17. Rad1 Rfe8 18. a3 Bxc3 19. bxc3 Qd5 20. f3 Rxe3 21.
c4 Qa5 22. Qf2 Rxa3 23. d5 Bd7 24. Bb1 b6 25. Kh1 Qc5 26. Qh4 Rc3 27. Rd4 b5
28. Rf4 Rxc4 29. Be4 Qd6 0-1

[Event "Turniej open"]
[Site "Ostroda"]
[Date "2011.08.11"]
[Round "9.9"]
[White "Mulenko, Alexander"]
[Black "Bartosik, Piotr"]
[Result "1/2-1/2"]
[WhiteElo "2065"]
[BlackElo "1969"]
[PlyCount "30"]
[EventDate "2011.??.??"]

1. d4 Nf6 2. Nf3 g6 3. g3 Bg7 4. Bg2 O-O 5. O-O d6 6. b3 c5 7. Bb2 Nc6 8. d5
Nb4 9. c4 a5 10. a3 Na6 11. Nc3 Rb8 12. Qc2 Bd7 13. Nd2 b5 14. cxb5 Bxb5 15.
Nxb5 Rxb5 1/2-1/2

[Event "Turniej open"]
[Site "Ostroda"]
[Date "2011.08.11"]
[Round "9.10"]
[White "Prominski, Piotr"]
[Black "Zielinski, Maciej"]
[Result "1/2-1/2"]
[WhiteElo "1783"]
[BlackElo "2060"]
[PlyCount "87"]
[EventDate "2011.??.??"]

1. e4 e5 2. Nf3 Nc6 3. Bb5 a6 4. Bxc6 dxc6 5. O-O f6 6. d4 exd4 7. Nxd4 c5 8.
Nb3 Qxd1 9. Rxd1 Bd7 10. Nc3 O-O-O 11. Bf4 g5 12. Bg3 Be6 13. Rxd8+ Kxd8 14.
Rd1+ Kc8 15. Nd5 Bxd5 16. Rxd5 b6 17. Kf1 Ne7 18. Rd1 Nc6 19. c3 Bg7 20. f3 Re8
21. Na1 Ne7 22. Nc2 f5 23. exf5 Nxf5 24. Bf2 Kb7 25. Rd7 Kc6 26. Rf7 Rf8 27.
Rxf8 Bxf8 28. Ne3 Nd6 29. Ke2 b5 30. Be1 Bg7 31. b3 Be5 32. g3 Kd7 33. c4 c6
34. Kd3 Ke6 35. Bc3 Nf7 36. Bxe5 Nxe5+ 37. Ke4 h5 38. f4 Nf7 39. h3 Nd6+ 40.
Kf3 gxf4 41. Kxf4 Nf7 42. g4 hxg4 43. Nxg4 a5 44. h4 1/2-1/2